| 000 | 00941nam a2200241Ia 4500 | ||
|---|---|---|---|
| 005 | 20250108125042.0 | ||
| 008 | 008 250107s9999 xx 000 0 hin d | ||
| 020 | _a978-81-943095-8-1 | ||
| 037 | _aTB | ||
| 040 |
_aCRL _bhin _cCRL |
||
| 041 |
_asah _2hin |
||
| 084 | _aP15v 152R0 | ||
| 084 | _qCRL | ||
| 100 | _aवरदराज, ले. | ||
| 245 | 0 |
_aलघुसिद्धान्त कौमुदी: प्रकाशिकानाम्नी हिन्दी व्याख्या सहित _cवरदराज, ले. |
|
| 260 |
_aदिल्ली, भारत _bशिवालिक प्रकाशन _c3160 |
||
| 300 | _a1058पृ0 | ||
| 365 |
_aINR _b550 |
||
| 546 | _aTranslated from Sanskrit to Hindi | ||
| 650 |
_aसंस्कृत भाषासंस्कृत भाषा-व्याकरण _9730345 |
||
| 942 |
_cTB _hP15v 152R0 |
||
| 999 |
_c1235548 _d1235548 |
||